000 01706nam0a2200337 4500
001 RU\NLR\BIBL_A\022286277
005 20250625184732.0
010 _a978-5-7882-3305-5
_9400
035 _a(NLR Aleph) 022286277
090 _a13228870
_c13228870
100 _a20240730d2022 |||y0rusy50 ca
101 0 _arus
102 _aRU
105 _aa|||z|||000yy
181 0 _ai
_baxxe
182 0 _an
200 1 _aСовременные функциональные синтетические волокнистые материалы
_eмонография
_fЮ. А. Тимошина, Э. Ф. Вознесенский
_gМинистерство науки и высшего образования Российской Федерации, Казанский национальный исследовательский технологический университет
203 _aТекст
_bвизуальный
_cнепосредственный
210 _aКазань
_cИзд-во КНИТУ
_d2022
215 _a121, [1] с.
_cил., табл.
_d20
320 _aБиблиогр.: с. 79-122 (453 назв.)
606 1 _aВолокно синтетическое
_9949104
_3RU\NLR\AUTH\6633794
606 1 _aТекстильные материалы
_91327520
_3RU\NLR\AUTH\66236726
686 1 _aМ352
686 1 _aЛ732
700 1 _4070
_7ca
_8rus
_aТимошина
_bЮ. А.
_gЮлия Александровна
_92642571
_3RU\NLR\AUTH\770273431
701 1 _4070
_7ca
_8rus
_aВознесенский
_bЭ. Ф.
_f1980-
_gЭмиль Фаатович
_92642573
_3RU\NLR\AUTH\770273434
942 _cBOOK
980 _aNB